| 000 | 00000nam 2200000zi 4500 |
| 001 | 9.925060 |
| 003 | CaOODSP |
| 005 | 20240724141438 |
| 006 | m o d f |
| 007 | cr |n||||||||| |
| 008 | 230714e20230911onc o f000 0 fre d |
| 020 | |a9780660495002 |
| 040 | |aCaOODSP|bfre|erda|cCaOODSP |
| 043 | |an-cn--- |
| 086 | 1 |aH164-243/2023F-1-PDF |
| 245 | 00|aNormes de rendement pour l'arrêté sur les prix à payer à l'égard des drogues et instruments médicaux. |
| 250 | |a[Édition du 11 septembre 2023]. |
| 264 | 1|aOttawa (Ontario) : |bSanté Canada = Health Canada, |c11 septembre, 2023. |
| 264 | 4|c©2023 |
| 300 | |a1 ressource en ligne (11 pages) |
| 336 | |atexte|btxt|2rdacontent/fre |
| 337 | |ainformatique|bc|2rdamedia/fre |
| 338 | |aressource en ligne|bcr|2rdacarrier/fre |
| 500 | |aPublié aussi en anglais sous le titre : Performance standards for the fees in respect of drugs and medical devices order. |
| 500 | |a« Pub. : 230243. » |
| 650 | 6|aMédecine|xAppareils et instruments|xIndustrie|xPermis, licences, etc.|xRedevances|zCanada. |
| 710 | 1 |aCanada. |bSanté Canada, |eorganisme de publication. |
| 775 | 08|tPerformance standards for the fees in respect of drugs and medical devices order.|w(CaOODSP)9.925059 |
| 794 | |tNormes de rendement pour l'arrêté sur les prix à payer à l'égard des drogues et instruments médicaux.|b[Édition du 16 février 2024]|w(CaOODSP)9.932868 |
| 795 | |tNormes de rendement pour l'arrêté sur les prix à payer à l'égard des drogues et instruments médicaux.|b[Édition du 1 novembre 2022]|w(CaOODSP)9.920034 |
| 856 | 40|qPDF|s467 Ko|uhttps://publications.gc.ca/collections/collection_2024/sc-hc/H164-243-2023-fra-1.pdf |